Movies Quiz

Random Movies or Alphabet Quiz

Actors (A-Z) Quiz Stats

 Plays Quiz Updated Sep 13, 2012

Also try: Actors in Disguise
Challenge
Share
Tweet
Embed
Score 0/25 Timer 05:00
3 Plays Today
Movies Actor % Correct
Forrest Gump, Cast Away, Toy StoryTom Hanks
97.3%
Top Gun, Mission: Impossible, Jerry MaguireTom Cruise
97.2%
The Bourne Identity, Ocean's Eleven, Good Will HuntingMatt Damon
94.8%
Face-Off, Saturday Night Fever, GreaseJohn Travolta
90.4%
Se7en, Mr. and Mrs. Smith, Thelma and LouiseBrad Pitt
89.3%
Star Wars, Air Force One, The FugitiveHarrison Ford
89.3%
Deep Blue Sea, Pulp Fiction, Snakes on a PlaneSamuel L. Jackson
86.8%
50 First Dates, Billy Madison, Big DaddyAdam Sandler
85.5%
Footloose, A Few Good Men, Apollo 13Kevin Bacon
83.7%
Wedding Crashers, Old School, The Break-UpVince Vaughn
80.1%
17 Again, Neighbors, HairsprayZac Efron
74.6%
The Proposal, Green Lantern, Just FriendsRyan Reynolds
71.3%
About a Boy, Love Actually, Bridget Jones's DiaryHugh Grant
70.6%
Movies Actor % Correct
Caddyshack, Stripes, What About Bob?Bill Murray
70.5%
Annie Hall, Hannah and Her Sisters, ManhattanWoody Allen
67.8%
The Parent Trap, The Rookie, Great Balls of Fire!Dennis Quaid
66.6%
Night at the Museum, Midnight in Paris, CarsOwen Wilson
65.6%
Cool Hand Luke, Slap Shot, The VerdictPaul Newman
64.1%
Tombstone, Batman Forever, The DoorsVal Kilmer
63.6%
Some Like It Hot, The Apartment, The Odd CoupleJack Lemmon
54.3%
The Sixth Sense, Pay It Forward, Secondhand LionsHaley Joel Osment
52.5%
Titanic, The Phantom, Back to the FutureBilly Zane
47.4%
Reversal of Fortune, The Lion King, LolitaJeremy Irons
42.3%
Cabaret, Austin Powers, The Three MusketeersMichael York
15.2%
Pathfinder, Star Trek, Out of the BlueKarl Urban
10.4%

You're not logged in!

Compare scores with friends on all Sporcle quizzes.
OR
Log In

You Might Also Like...

Show Comments

Extras

Top Quizzes Today


Score Distribution

Your Account Isn't Verified!

In order to create a playlist on Sporcle, you need to verify the email address you used during registration. Go to your Sporcle Settings to finish the process.

Report this User

Report this user for behavior that violates our Community Guidelines.

Details: